Antonio Conte's Tottenham - Statistics

General Stats
  • This quiz has been taken 30 times
  • The average score is 30 of 37
Answer Stats
Rank Player Position Nationality Matches Goals Assists % Correct
5 Eric Dier Centre-Back 64 2 1
100%
1 Harry Kane Centre-Forward 75 43 15
100%
3 Heung-min Son Left Winger 69 30 12
100%
7 Hugo Lloris Goalkeeper 60 0 0
100%
18 Richarlison Centre-Forward 27 2 4
100%
4 Ben Davies Centre-Back 69 3 3
97%
10 Cristian Romero Centre-Back 45 1 0
97%
12 Davinson Sánchez Centre-Back 43 2 0
97%
8 Dejan Kulusevski Attacking Midfield 47 7 15
97%
6 Emerson Royal Right-Back 63 3 2
97%
15 Ivan Perišić Right Winger 36 1 9
97%
2 Pierre-Emile Højbjerg Defensive Midfield 69 6 8
97%
11 Rodrigo Bentancur Defensive Midfield 44 6 6
97%
19 Yves Bissouma Defensive Midfield 25 0 0
97%
9 Lucas Moura Right Winger 47 5 7
93%
26 Pape Matar Sarr Central Midfield 10 0 0
93%
27 Pedro Porro Right-Back 7 1 1
93%
22 Sergio Reguilón Left-Back 20 2 1
93%
29 Giovani Lo Celso Attacking Midfield 7 0 1
90%
16 Oliver Skipp Defensive Midfield 35 1 0
90%
13 Ryan Sessegnon Left-Back 42 2 3
90%
23 Bryan Gil Left Winger 19 0 1
86%
14 Matt Doherty Right-Back 37 3 4
86%
17 Clément Lenglet Centre-Back 27 1 2
83%
25 Fraser Forster Goalkeeper 13 0 0
83%
21 Steven Bergwijn Left Winger 23 4 1
83%
28 Tanguy Ndombélé Central Midfield 7 0 1
76%
20 Harry Winks Defensive Midfield 24 1 1
72%
30 Dele Alli Attacking Midfield 6 0 0
59%
34 Pierluigi Gollini Goalkeeper 3 0 0
59%
31 Djed Spence Left-Back 6 0 0
52%
24 Japhet Tanganga Centre-Back 16 0 1
52%
32 Joe Rodon Centre-Back 5 0 0
52%
33 Arnaut Danjuma Left Winger 4 1 0
45%
35 Dane Scarlett Centre-Forward 3 0 0
45%
36 Harvey White Defensive Midfield 1 0 0
34%
37 Alfie Devine Attacking Midfield 1 0 0
21%
No matching quizzes found
Score Distribution
Percent of People with Each Score
Percentile by Number Answered
Your Score History
You have not taken this quiz